[Event "Manizales Americas op"]
[Site "Manizales"]
[Date "2022.10.16"]
[Round "5"]
[White "Giraldo Aristizabal, Marlon"]
[Black "Garcia, Julian Alberto"]
[Result "1-0"]
[WhiteElo "1829"]
[BlackElo "1763"]
[PlyCount "49"]
[EventDate "2022.10.14"]
[EventType "swiss"]
[EventRounds "8"]
[EventCountry "COL"]
[SourceTitle "CBM 210 Extra"]
[Source "ChessBase"]
[SourceDate "2022.11.30"]
[SourceVersion "1"]
[SourceVersionDate "2022.11.30"]
[SourceQuality "1"]

1. Nf3 Nf6 2. b3 b6 3. Bb2 Bb7 4. e3 e6 5. Be2 Be7 6. 0-0 0-0 7. d4 c5 8. c4 d5 9. Nc3 Nc6 10. Rc1 cxd4 11. exd4 Rc8 12. Qd3 dxc4 13. bxc4 Na5 14. Ne5 a6 15. f4 Nc6 16. Bf3 Nb4 17. Qe3 Bxf3 18. Rxf3 Qc7 19. Kh1 Rfd8 20. Rg3 Nd7 21. Ne4 Nf6 22. Nxf7 Nxe4 23. Nh6+ Kf8 24. Qxe4 gxh6 25. Qxe6 1-0

[Event "Manizales Americas op"]
[Site "Manizales"]
[Date "2022.10.15"]
[Round "4"]
[White "Munoz Galvez, Jhon Edison"]
[Black "Giraldo Aristizabal, Marlon"]
[Result "1-0"]
[WhiteElo "2303"]
[BlackElo "1829"]
[PlyCount "71"]
[EventDate "2022.10.14"]
[EventType "swiss"]
[EventRounds "8"]
[EventCountry "COL"]
[SourceTitle "CBM 210 Extra"]
[Source "ChessBase"]
[SourceDate "2022.11.30"]
[SourceVersion "1"]
[SourceVersionDate "2022.11.30"]
[SourceQuality "1"]

1. d4 Nf6 2. c4 e6 3. g3 Bb4+ 4. Bd2 Qe7 5. Bg2 0-0 6. Nf3 d5 7. 0-0 c6 8. Qc2 Nbd7 9. Bxb4 Qxb4 10. Nbd2 Re8 11. a3 Qe7 12. e4 dxe4 13. Nxe4 Nxe4 14. Qxe4 a5 15. Rad1 Nb6 16. c5 Nd5 17. Ne5 Qc7 18. Nc4 Rd8 19. Rfe1 Bd7 20. Qh4 Be8 21. Be4 h6 22. f4 Ne7 23. Rf1 Nd5 24. f5 exf5 25. Bxd5 cxd5 26. Ne3 b6 27. b4 axb4 28. axb4 Ra4 29. Rxf5 Ra2 30. Nxd5 Qd7 31. Re1 Kf8 32. Rfe5 bxc5 33. bxc5 Rb8 34. Qe4 f6 35. Qh7 Bf7 36. Re7 1-0

[Event "Manizales Departamental-ch 2nd"]
[Site "Manizales"]
[Date "2022.07.17"]
[Round "7"]
[White "Giraldo Aristizabal, Marlon"]
[Black "Munoz Galvez, Jhon Edison"]
[Result "0-1"]
[WhiteElo "1829"]
[BlackElo "2310"]
[PlyCount "86"]
[EventDate "2022.07.14"]
[EventType "swiss"]
[EventRounds "7"]
[EventCountry "COL"]
[SourceTitle "EXT 2024"]
[Source "ChessBase"]
[SourceDate "2023.10.10"]
[SourceVersion "1"]
[SourceVersionDate "2023.10.10"]
[SourceQuality "1"]

1. e4 c5 2. Nf3 d6 3. d4 cxd4 4. Nxd4 Nf6 5. Nc3 a6 6. Bg5 Nbd7 7. Bc4 e6 8. Qe2 b5 9. Bb3 Qb6 10. 0-0-0 Be7 11. Bxe6 fxe6 12. Nxe6 Kf7 13. Be3 Qc6 14. Ng5+ Kg8 15. f4 h6 16. Nf3 Nc5 17. e5 dxe5 18. fxe5 Nfe4 19. Nd5 Bf8 20. Nf4 Bg4 21. Rhg1 Rc8 22. h3 Ng3 23. Qd2 Bf5 24. Nd4 Nce4 25. Nxc6 Nxd2 26. Nd4 Nde4 27. e6 Kh7 28. Nd5 Bd6 29. Rge1 Bg6 30. Bg1 Rc4 31. Nb6 Rc5 32. Nb3 Bf4+ 33. Kb1 Rxc2 34. Kxc2 Nf2+ 35. Kc3 Nxd1+ 36. Rxd1 Ne2+ 37. Kb4 Nxg1 38. Nd5 Ne2 39. Ka5 Bg5 40. Rf1 Re8 41. Nc5 Nd4 42. Nc7 Bd8 43. N5xa6 Nxe6 0-1

[Event "Manizales Las Americas blitz op"]
[Site "Manizales"]
[Date "2021.10.23"]
[Round "5"]
[White "Giraldo Aristizabal, Marlon"]
[Black "Rojas Mendoza, Joun Sun"]
[Result "0-1"]
[WhiteElo "1854"]
[BlackElo "1633"]
[PlyCount "106"]
[EventDate "2021.10.23"]
[EventType "swiss (blitz)"]
[EventRounds "11"]
[EventCountry "COL"]
[SourceTitle "CBM 205 Extra"]
[Source "ChessBase"]
[SourceDate "2022.01.31"]
[SourceVersion "1"]
[SourceVersionDate "2022.01.31"]
[SourceQuality "1"]

1. e4 e5 2. Nf3 f5 3. exf5 e4 4. Qe2 Qe7 5. Nd4 c5 6. Nb3 Nf6 7. d3 exd3 8. Qxe7+ Bxe7 9. Bxd3 d5 10. Bb5+ Nc6 11. 0-0 0-0 12. Re1 Bd6 13. Nc3 Bxf5 14. Nxd5 Nxd5 15. Bc4 Nce7 16. Rd1 Rad8 17. Bg5 Kh8 18. Bxd5 Nxd5 19. Bxd8 Rxd8 20. c4 Nb4 21. Nxc5 Bc7 22. Rxd8+ Bxd8 23. Nxb7 Bf6 24. Re1 h5 25. Nd6 Bg6 26. a3 Nd3 27. Re2 Nf4 28. Rd2 Bg5 29. h4 Nh3+ 30. gxh3 Bxd2 31. b4 Kg8 32. Nc8 a6 33. Ne7+ Kf7 34. Nd5 Bd3 35. c5 Ke6 36. Nc7+ Kd7 37. Na8 Kc6 38. Nb6 Bc1 39. a4 Ba3 40. b5+ axb5 41. axb5+ Bxb5 42. Nc8 Kxc5 43. Ne7 Bb2 44. Nf5 Bd7 45. Ng3 g6 46. Kg2 Bc6+ 47. Kf1 Be5 48. Ne2 Bb5 49. Ke1 Bxe2 50. Kxe2 Kd5 51. Kf3 Ke6 52. Ke4 Kf6 53. f3 Bg3 0-1

[Event "Manizales Las Americas op-B"]
[Site "Manizales"]
[Date "2021.10.18"]
[Round "9"]
[White "Giraldo Aristizabal, Marlon"]
[Black "Tobar Beltran, Jorge Esteban"]
[Result "0-1"]
[WhiteElo "1765"]
[BlackElo "1877"]
[PlyCount "134"]
[EventDate "2021.10.14"]
[EventType "swiss"]
[EventRounds "9"]
[EventCountry "COL"]
[SourceTitle "EXT 2023"]
[Source "ChessBase"]
[SourceDate "2022.10.05"]
[SourceVersion "1"]
[SourceVersionDate "2022.10.05"]
[SourceQuality "1"]

1. e4 e6 2. d4 d5 3. Nd2 c5 4. c3 cxd4 5. cxd4 dxe4 6. Nxe4 Bb4+ 7. Nc3 Nf6 8. Nf3 Bd7 9. Bd3 Bc6 10. 0-0 Nbd7 11. Qe2 0-0 12. Bg5 Qa5 13. Bd2 Qh5 14. Ne1 Qxe2 15. Bxe2 Rfd8 16. Nd3 Bd6 17. Rfd1 h6 18. b4 Nb6 19. Nc5 Rab8 20. a4 Nbd5 21. Nb5 Bxb5 22. axb5 b6 23. Rxa7 bxc5 24. bxc5 Bf8 25. Ba5 Rd7 26. Ra6 Nf4 27. Bf3 Rxb5 28. c6 N4d5 29. cxd7 Nxd7 30. Be4 N7f6 31. Bd3 Rb8 32. Ra7 Bd6 33. Rc1 g6 34. g3 Kg7 35. Rc6 Bb4 36. Bxb4 Nxb4 37. Rcc7 Rf8 38. Bc4 Nbd5 39. Rcb7 h5 40. Kg2 Kg8 41. h3 Kg7 42. Bb3 Kg8 43. Kf3 g5 44. Bxd5 Nxd5 45. Ke4 g4 46. hxg4 hxg4 47. Ke5 Kg7 48. Rd7 Nb6 49. Rdb7 Nd5 50. Ra5 Rd8 51. Rb1 Kg6 52. Rbb5 Ne7 53. Rc5 Kg7 54. Ra7 Nd5 55. Rc6 Kg6 56. Rd6 Rh8 57. Rxd5 Rh5+ 58. Ke4 Rxd5 59. Ra4 f5+ 60. Ke3 Rb5 61. Rc4 Kf6 62. Rc6 Rb3+ 63. Ke2 Ke7 64. Kd2 Ra3 65. Ke2 Ra2+ 66. Ke3 Ra8 67. Kf4 Ra3 0-1

[Event "Manizales Las Americas op-B"]
[Site "Manizales"]
[Date "2021.10.17"]
[Round "7"]
[White "Villamizar, Diego Fernando"]
[Black "Giraldo Aristizabal, Marlon"]
[Result "1/2-1/2"]
[WhiteElo "1951"]
[BlackElo "1765"]
[PlyCount "46"]
[EventDate "2021.10.14"]
[EventType "swiss"]
[EventRounds "9"]
[EventCountry "COL"]
[SourceTitle "EXT 2023"]
[Source "ChessBase"]
[SourceDate "2022.10.05"]
[SourceVersion "1"]
[SourceVersionDate "2022.10.05"]
[SourceQuality "1"]

1. e4 c5 2. Nf3 d6 3. d4 cxd4 4. Nxd4 Nf6 5. Nc3 a6 6. Bg5 e6 7. f4 Qb6 8. Qd2 Qxb2 9. Rb1 Qa3 10. f5 Nc6 11. fxe6 fxe6 12. Nxc6 bxc6 13. Bxf6 gxf6 14. Be2 h5 15. e5 dxe5 16. Ne4 Be7 17. Rb3 Qa4 18. c4 f5 19. 0-0 fxe4 20. Kh1 c5 21. Rg3 Bd7 22. Qb2 Kd8 23. Qxe5 Re8 1/2-1/2

[Event "COL-ch U1800"]
[Site "Villamaria"]
[Date "2019.11.02"]
[Round "2"]
[White "Restrepo, Marlon Julian"]
[Black "Giraldo Aristizabal, Marlon"]
[Result "1-0"]
[WhiteElo "1569"]
[BlackElo "1763"]
[PlyCount "137"]
[EventDate "2019.11.01"]
[EventType "swiss"]
[EventRounds "7"]
[EventCountry "COL"]
[SourceTitle "CBM 193 Extra"]
[Source "ChessBase"]
[SourceDate "2020.01.31"]
[SourceVersion "1"]
[SourceVersionDate "2020.01.31"]
[SourceQuality "1"]

1. c4 Nf6 2. Nf3 g6 3. g3 Bg7 4. Bg2 0-0 5. Nc3 d6 6. 0-0 c6 7. d4 Nbd7 8. Re1 e5 9. Qc2 exd4 10. Nxd4 Qb6 11. Nb3 Ng4 12. e4 Nde5 13. h3 Nf6 14. c5 dxc5 15. Be3 Nfd7 16. Na4 Qb4 17. Naxc5 Nc4 18. a3 Nxe3 19. Rxe3 Qb6 20. Nxd7 Bxd7 21. Nc5 Bc8 22. Rb3 Qc7 23. Rd3 b6 24. Nb3 Be6 25. Rad1 c5 26. Nd4 Bd7 27. Nf5 Bb5 28. Ne3 Bxd3 29. Rxd3 Rad8 30. Nd5 Qe5 31. Rd2 Kh8 32. f4 Qe6 33. Kh2 Rc8 34. Qc4 Qd7 35. a4 Bd4 36. b3 f6 37. Bf3 Rfe8 38. Nxf6 Qb7 39. Nxe8 Rxe8 40. Kg2 Qd7 41. Qb5 Qe6 42. Qc4 Qd7 43. e5 g5 44. Qd5 Qxd5 45. Bxd5 gxf4 46. gxf4 Be3 47. Re2 Bxf4 48. e6 Kg7 49. Kf3 Bd6 50. Ke4 Rf8 51. Rg2+ Kh6 52. Bc4 Be7 53. Kd5 Bf6 54. Kc6 Re8 55. Kd6 Rd8+ 56. Kc7 Re8 57. Re2 Kh5 58. Bb5 Re7+ 59. Bd7 Bd4 60. Kb7 Kh4 61. Kxa7 Kxh3 62. Kxb6 c4+ 63. Kc6 cxb3 64. Kd6 Bf6 65. Re3+ Kg2 66. Rxb3 Kf2 67. a5 Rg7 68. a6 Be7+ 69. Kc7 1-0

[Event "Manizales op 26th"]
[Site "Manizales"]
[Date "2017.01.08"]
[Round "8"]
[White "Giraldo Aristizabal, Marlon"]
[Black "Ochoa Parra, Carlos Orlando"]
[Result "1-0"]
[WhiteElo "1781"]
[BlackElo "1617"]
[PlyCount "75"]
[EventDate "2017.01.04"]
[EventType "swiss"]
[EventRounds "9"]
[EventCountry "COL"]
[SourceTitle "CBM 176 Extra"]
[Source "ChessBase"]
[SourceDate "2017.03.02"]
[SourceVersion "1"]
[SourceVersionDate "2017.03.02"]
[SourceQuality "1"]

1. e4 g6 2. d4 Bg7 3. Nc3 a6 4. Be3 d6 5. f4 e6 6. Nf3 Nd7 7. Bc4 b5 8. Bd3 Bb7 9. 0-0 Ngf6 10. Nd2 Nb6 11. a3 0-0 12. Qf3 Qe7 13. Qh3 e5 14. dxe5 dxe5 15. f5 Nc4 16. Bxc4 bxc4 17. g4 Ne8 18. Nxc4 f6 19. Rad1 Nd6 20. Nxd6 cxd6 21. Nd5 Bxd5 22. Rxd5 Rfc8 23. Rc1 Rab8 24. b4 Rc3 25. Rd3 Rbc8 26. Rcd1 R8c6 27. a4 Bf8 28. Bc5 Rxc2 29. Rxd6 Rxd6 30. Qb3+ Kh8 31. Qxc2 Qc7 32. Rd5 Rc6 33. Qd3 Bxc5+ 34. bxc5 Qa5 35. fxg6 hxg6 36. g5 Rc8 37. Qh3+ Kg8 38. Qxc8+ 1-0

[Event "Manizales op 26th"]
[Site "Manizales"]
[Date "2017.01.08"]
[Round "9"]
[White "Montoya, Duvan"]
[Black "Giraldo Aristizabal, Marlon"]
[Result "0-1"]
[WhiteElo "1975"]
[BlackElo "1781"]
[PlyCount "86"]
[EventDate "2017.01.04"]
[EventType "swiss"]
[EventRounds "9"]
[EventCountry "COL"]
[SourceTitle "CBM 176 Extra"]
[Source "ChessBase"]
[SourceDate "2017.03.02"]
[SourceVersion "1"]
[SourceVersionDate "2017.03.02"]
[SourceQuality "1"]

1. e4 c5 2. Nc3 d6 3. f4 Nf6 4. Bc4 g6 5. d3 Bg7 6. Nf3 Nc6 7. 0-0 0-0 8. Bd2 a6 9. a4 Rb8 10. Rb1 Bg4 11. h3 Bxf3 12. Qxf3 b5 13. axb5 axb5 14. Bb3 Nd4 15. Qd1 Nxb3 16. cxb3 d5 17. e5 Ne8 18. Be1 e6 19. Bf2 b4 20. Bxc5 bxc3 21. bxc3 Nc7 22. Bxf8 Bxf8 23. d4 Nb5 24. Qd3 Qa5 25. Rfc1 Qb6 26. b4 Rc8 27. Rb2 Nxd4 28. Qxd4 Qxd4+ 29. cxd4 Rxc1+ 30. Kf2 Be7 31. b5 Rc7 32. g4 f6 33. b6 Rb7 34. Kg3 Kf7 35. h4 Bd8 36. g5 fxe5 37. fxe5 Rxb6 38. Ra2 Rb4 39. Ra7+ Be7 40. Ra1 Rxd4 41. Rf1+ Kg7 42. Ra1 Re4 43. Ra7 Kf7 0-1

[Event "Manizales op 26th"]
[Site "Manizales"]
[Date "2017.01.07"]
[Round "6"]
[White "Giraldo Aristizabal, Marlon"]
[Black "Hurtado Mosquera, Orestes Andre"]
[Result "1-0"]
[WhiteElo "1781"]
[BlackElo "1573"]
[PlyCount "61"]
[EventDate "2017.01.04"]
[EventType "swiss"]
[EventRounds "9"]
[EventCountry "COL"]
[SourceTitle "CBM 176 Extra"]
[Source "ChessBase"]
[SourceDate "2017.03.02"]
[SourceVersion "1"]
[SourceVersionDate "2017.03.02"]
[SourceQuality "1"]

1. e4 e6 2. d4 d5 3. Nd2 Nf6 4. e5 Nfd7 5. Bd3 c5 6. c3 Nc6 7. Ngf3 Qb6 8. 0-0 cxd4 9. cxd4 Nxd4 10. Nxd4 Qxd4 11. Nf3 Qb6 12. Qa4 Be7 13. Be3 Qd8 14. Qg4 g6 15. h4 0-0 16. h5 f5 17. Qg3 Kg7 18. Rac1 b6 19. Bb1 Nc5 20. b4 Ne4 21. Bxe4 dxe4 22. Ng5 Bxb4 23. Nxh7 Kxh7 24. Qxg6+ Kh8 25. Bg5 Be7 26. Rfd1 Qe8 27. Qh6+ Kg8 28. Rc3 Bxg5 29. Qxg5+ Kh7 30. Rc7+ Rf7 31. Qg6+ 1-0

[Event "COL-ch Superate fin-B"]
[Site "Bogota"]
[Date "2016.11.15"]
[Round "2.5"]
[White "Giraldo Aristizabal, Marlon"]
[Black "Rincon R, Javier Duvan"]
[Result "1/2-1/2"]
[WhiteElo "1716"]
[BlackElo "1865"]
[PlyCount "116"]
[EventDate "2016.11.15"]
[EventType "swiss"]
[EventRounds "5"]
[EventCountry "COL"]
[SourceTitle "EXT 2024"]
[Source "ChessBase"]
[SourceDate "2023.10.10"]
[SourceVersion "1"]
[SourceVersionDate "2023.10.10"]
[SourceQuality "1"]

1. e4 c5 2. Nf3 d6 3. d3 Nc6 4. g3 g6 5. Bg2 Bg7 6. c3 Nf6 7. Nbd2 0-0 8. 0-0 e5 9. Re1 Re8 10. Nf1 Rb8 11. Qc2 b5 12. Be3 Bg4 13. h3 Bxf3 14. Bxf3 Nd7 15. Nd2 Nf8 16. Nb3 Ne6 17. Red1 Qd7 18. Qe2 a5 19. Kg2 Qe7 20. h4 h5 21. Rh1 Bf6 22. Rag1 Kg7 23. g4 hxg4 24. Bxg4 Rh8 25. h5 gxh5 26. Bxh5 Rbg8 27. Kf1+ Kf8 28. Nd2 Bg5 29. Nf3 Bxe3 30. fxe3 Rxg1+ 31. Kxg1 Qf6 32. Rh2 Ne7 33. Kh1 Ng7 34. Bg4 Rxh2+ 35. Qxh2 Ng8 36. Kg1 Qh6 37. Qxh6 Nxh6 38. Bd7 b4 39. d4 Ke7 40. Bh3 exd4 41. exd4 Ne6 42. Kf2 Nf4 43. Bf1 Nh5 44. Ke3 Ng4+ 45. Kd2 Ng3 46. Bd3 Nf2 47. e5 bxc3+ 48. bxc3 cxd4 49. cxd4 dxe5 50. Nxe5 Nxd3 51. Kxd3 a4 52. Kc4 Ne4 53. a3 f5 54. Kb4 Kd6 55. Nf3 Kd5 56. Kxa4 Kc4 57. Ka5 Nc3 58. a4 f4 1/2-1/2

[Event "Villamaria op 2nd"]
[Site "Villamaria"]
[Date "2016.07.02"]
[Round "2"]
[White "Giraldo Aristizabal, Marlon"]
[Black "Avila Pavas, Santiago"]
[Result "0-1"]
[WhiteElo "1744"]
[BlackElo "2043"]
[PlyCount "46"]
[EventDate "2016.07.02"]
[EventType "swiss"]
[EventRounds "7"]
[EventCountry "COL"]
[SourceTitle "CBM 173 Extra"]
[Source "ChessBase"]
[SourceDate "2016.08.29"]
[SourceVersion "1"]
[SourceVersionDate "2016.08.29"]
[SourceQuality "1"]

1. e4 g6 2. d4 Bg7 3. f4 c5 4. Nf3 cxd4 5. Nxd4 Nc6 6. Nb3 d6 7. Nc3 Nf6 8. Be2 Be6 9. Be3 Rc8 10. Bf3 0-0 11. 0-0 Na5 12. Bd4 Nc4 13. Ne2 d5 14. e5 Ne4 15. Bxe4 dxe4 16. Ng3 Qd5 17. f5 Bd7 18. f6 exf6 19. exf6 Bh6 20. Qe2 Bb5 21. Nf5 gxf5 22. Qh5 Kh8 23. Qxh6 Rg8 0-1

[Event "COL-ch U16 m sf3"]
[Site "Pereira"]
[Date "2016.05.27"]
[Round "1.5"]
[White "Giraldo Aristizabal, Marlon"]
[Black "Kevin Esteban, Perez Lombana"]
[Result "1-0"]
[WhiteElo "1725"]
[BlackElo "1322"]
[PlyCount "81"]
[EventDate "2016.05.27"]
[EventType "swiss"]
[EventRounds "6"]
[EventCountry "COL"]
[SourceTitle "EXT 2024"]
[Source "ChessBase"]
[SourceDate "2023.10.10"]
[SourceVersion "1"]
[SourceVersionDate "2023.10.10"]
[SourceQuality "1"]

1. e4 c5 2. Nf3 e6 3. d4 cxd4 4. Nxd4 a6 5. c4 Qc7 6. Nc3 Nf6 7. Be2 Be7 8. 0-0 0-0 9. Be3 Nc6 10. Kh1 b6 11. f4 Nxd4 12. Bxd4 Bb7 13. Qd3 d6 14. Qe3 Nd7 15. Qg3 e5 16. fxe5 dxe5 17. Be3 Rfd8 18. Rf5 g6 19. Raf1 f6 20. Bh5 Kg7 21. Be2 Rg8 22. Rh5 Kh8 23. Rh3 Bc8 24. Qh4 Rg7 25. Nd5 Qd8 26. Bh6 Rf7 27. Bg4 Nc5 28. Bxc8 Rxc8 29. Rhf3 Nd7 30. b3 b5 31. cxb5 axb5 32. Qh3 Rc6 33. Bd2 Rc2 34. Ba5 Qxa5 35. Qxd7 Qd8 36. Qxb5 Rxa2 37. Rd3 Qf8 38. Rfd1 Kg7 39. h3 Ra7 40. Qc6 Kh6 41. Nc7 1-0

[Event "Manizales Castro Memorial"]
[Site "Manizales"]
[Date "2015.12.20"]
[Round "6"]
[White "Giraldo Aristizabal, Marlon"]
[Black "Petro, Manuel"]
[Result "1-0"]
[WhiteElo "1691"]
[BlackElo "1820"]
[PlyCount "62"]
[EventDate "2015.12.17"]
[EventType "swiss"]
[EventRounds "7"]
[EventCountry "COL"]
[SourceTitle "CBM 170 Extra"]
[Source "ChessBase"]
[SourceDate "2016.02.25"]
[SourceVersion "1"]
[SourceVersionDate "2016.02.25"]
[SourceQuality "1"]

1. e4 e6 2. d4 d5 3. Nd2 Nc6 4. Ngf3 g6 5. c3 Bg7 6. e5 Nge7 7. Bd3 b6 8. 0-0 Na5 9. Re1 0-0 10. Nf1 c5 11. Bf4 Nac6 12. Qd2 f5 13. Ng3 c4 14. Bc2 Bd7 15. Bg5 b5 16. Qf4 a5 17. Qh4 Qe8 18. Bh6 Bxh6 19. Qxh6 Qf7 20. h4 Qg7 21. Qf4 h6 22. Ne2 Kf7 23. b3 Rg8 24. bxc4 g5 25. Qd2 gxh4 26. Nxh4 Qg4 27. Qf4 dxc4 28. Bd1 Nd5 29. Qh2 Qg5 30. Ng3 Ke7 31. Nh5 Rgb8 1-0

[Event "COL-ch Superate B"]
[Site "Colombia"]
[Date "2015.10.14"]
[Round "1.2"]
[White "Giraldo Aristizabal, Marlon"]
[Black "Diaz Herrera, Leider Andres"]
[Result "0-1"]
[WhiteElo "1625"]
[BlackElo "2019"]
[PlyCount "52"]
[EventDate "2015.10.14"]
[EventType "swiss (blitz)"]
[EventRounds "12"]
[EventCountry "COL"]
[SourceTitle "EXT 2024"]
[Source "ChessBase"]
[SourceDate "2023.10.10"]
[SourceVersion "1"]
[SourceVersionDate "2023.10.10"]
[SourceQuality "1"]

1. e4 c5 2. Nf3 e6 3. d4 cxd4 4. Nxd4 a6 5. Nc3 Qc7 6. Bd3 Nf6 7. 0-0 h5 8. Kh1 Ng4 9. f4 Bc5 10. Be2 Qb6 11. Na4 Qc7 12. Nxc5 Qxc5 13. h3 Nf6 14. Bf3 b5 15. Nb3 Qc7 16. Qd3 Bb7 17. a4 Nc6 18. axb5 Nb4 19. Qe2 Qxc2 20. Bd2 Qxb3 21. Ra3 Qxb2 22. Bxb4 Qxb4 23. Rfa1 Nxe4 24. Kh2 d5 25. bxa6 Bc6 26. Bxe4 Qxe4 0-1